Places of the Monopoly Board (London) - Statistics

General Stats
  • This quiz has been taken 103 times
  • The average score is 24 of 40
Answer Stats
Answer % Correct
Mayfair
87%
Piccadilly
83%
Old Kent Road
79%
Bond Street
77%
Oxford Street
76%
King's Cross Station
75%
Park Lane
73%
Trafalgar Square
71%
Go!
69%
Go to Jail
68%
Regent Street
68%
Pall Mall
65%
Leicester Square
64%
Chance
63%
Chance
63%
Chance
63%
Euston Road
61%
The Angel, Islington
61%
Liverpool Street Station
60%
Community Chest
57%
Community Chest
57%
Community Chest
57%
Income Tax
56%
Jail
56%
Whitechapel Road
56%
Marylebone Station
55%
Strand
53%
Fenchurch Street Station
52%
Fleet Street
52%
Free Parking
52%
Pentonville Road
51%
Water Works
49%
Super Tax
47%
Vine Street
45%
Electric Company
44%
Coventry Street
43%
Bow Street
39%
Northumberland Avenue
39%
Marlborough Street
37%
Whitehall
32%
No matching quizzes found
Score Distribution
Percent of People with Each Score
Percentile by Number Answered
Your Score History
You have not taken this quiz